History Quiz

Random History or Clickable Quiz
Score 0/18 Timer 06:00
0 Plays Today
% Correct
Common
97.9%
Am
97.2%
God
84.8%
Freedom
80.7%
Communism
79.9%
Nothing
77.5%
Woman
77.1%
Silly
77%
Understand
70.9%
% Correct
Explanation
70.9%
Distress
70.2%
America
67.3%
Beauty
67.2%
Extreme
65.8%
Reason
61.8%
Text
51%
Kindness
42.2%
Quality
12.8%
Remove Ads.
Support Sporcle.
Get the best of Sporcle when you Go Orange. This ad-free experience offers more features, more stats, and more fun while also helping to support Sporcle. Thank you for becoming a member.

You're not logged in!

Compare scores with friends on all Sporcle quizzes.
OR
Log In

Show Comments

Extras

Top Quizzes Today


Score Distribution

Your Account Isn't Verified!

In order to create a playlist on Sporcle, you need to verify the email address you used during registration. Go to your Sporcle Settings to finish the process.

Report this User

Report this user for behavior that violates our Community Guidelines.

Details: